00000000nam 2200000zi 4500
0019.939042
003CaOODSP
00520241205154728
006m     o  d f      
007cr |n|||||||||
008240605t20242024onca    o    f000 0 fre d
020 |a9780660722368
040 |aCaOODSP|bfre|erda|cCaOODSP
043 |an-cn---
0861 |aH114-49/2024F-PDF
24500|aLimites maximales de résidus (LMR) au Canada.
264 1|a[Ottawa] : |bSanté Canada = Health Canada, |c[2024]
264 4|c©2024
300 |a1 ressource en ligne (1 page non numérotée) : |billustrations
336 |atexte|btxt|2rdacontent/fre
337 |ainformatique|bc|2rdamedia/fre
338 |aressource en ligne|bcr|2rdacarrier/fre
500 |aPublié aussi en anglais sous le titre : Maximum residue limits (MRLs) in Canada.
500 |a« Pub. : 240248. »
650 6|aPesticides|xRésidus dans les aliments|xNormes|zCanada.
650 6|aPesticides|xDroit|zCanada.
7101 |aCanada. |bSanté Canada, |eorganisme de publication.
77508|tMaximum residue limits (MRLs) in Canada.|w(CaOODSP)9.939041
795 |tLimites maximales de résidus (LMR) au Canada.|w(CaOODSP)9.915790
85640|qPDF|s177 Ko|uhttps://publications.gc.ca/collections/collection_2024/sc-hc/H114-49-2024-fra.pdf
8564 |qHTML|sS.O.|uhttps://www.canada.ca/fr/sante-canada/services/securite-produits-consommation/pesticides-lutte-antiparasitaire/public/proteger-votre-sante-environnement/pesticides-aliments/limites-maximales-residus-pesticides/infographie.html